| 000 | 00576nam a22001817a 4500 | ||
|---|---|---|---|
| 003 | 0 | ||
| 005 | 20251107125022.0 | ||
| 008 | 251107b xxu||||| |||| 00| 0 eng d | ||
| 020 | _a0-7868-8630-7 | ||
| 050 |
_aHV 9841.O8413 _b.O94 2000 |
||
| 100 |
_aOufkir, Malika, _eauthor. |
||
| 245 |
_aStolen lives : _btwenty years in a desert jail / _cMalika Oufkir and Michele Fitoussi. |
||
| 260 |
_aNew York, NY : _bHyperion, _c2000. |
||
| 300 |
_a294 pages ; _c24 cm. |
||
| 650 | _aOufki, Malika, 1953-. | ||
| 650 |
_aWomen political prisoners _zMorocco _xBiography. |
||
| 942 |
_2lcc _cBK |
||
| 999 |
_c368491 _d368491 |
||